Derecho romano clásico
Salvato in:
| Autore principale: | |
|---|---|
| Natura: | Libro |
| Lingua: | spagnolo |
| Pubblicazione: |
Sevilla, España
Universidad de Sevilla
1995
|
| Soggetti: | |
| Tags: |
Aggiungi Tag
Nessun Tag, puoi essere il primo ad aggiungerne!!
|
MARC
| LEADER | 00000nam a2200000 a 4500 | ||
|---|---|---|---|
| 001 | UCR2598 | ||
| 003 | CL-VaPUC | ||
| 005 | 20210608001348.0 | ||
| 008 | 980112e19950000SP |||||||||||||||||spa|d | ||
| 999 | |c 265732 |d 265730 | ||
| 040 | |c Pontificia Universidad Católica de Valparaíso | ||
| 082 | 0 | 4 | |a 340.5402 BET 1995 |2 21 |
| 100 | 0 | |a Betancourt, Fernando |e autor |9 400635 | |
| 245 | 1 | 0 | |a Derecho romano clásico |
| 260 | 0 | 3 | |a Sevilla, España |b Universidad de Sevilla |c 1995 |
| 300 | |a 684 páginas | ||
| 583 | |a last modification |c 20160105 12:03:53 |k Rodrigo Vera | ||
| 650 | 0 | |a Derecho romano |9 255930 | |
| 650 | 0 | |a Historia del derecho |9 255109 | |
| 650 | 0 | |a Fuentes del derecho |9 255162 | |
| 942 | |c BK |2 ddc | ||
| 945 | |d 19980112 00:00:00 |a aolguin | ||
| 952 | |0 0 |1 0 |4 0 |6 340_540200000000000_BET_1995 |7 0 |8 DER_ROM |9 296782 |a BIBDER |b BIBDER |d 2019-11-20 |i 1919504 |l 1 |o 340.5402 BET 1995 |p 1919504 |r 2023-01-25 |s 2020-03-17 |w 2019-11-20 |x Ubicación 4to piso |y BK |z Este recurso debe solicitarse con anticipación |k DER | ||